Pays ayant déjà été sur le podium d'un euro de football - Statistiques

Statistiques générales
  • Ce quiz a été pris 2 046 fois
    1 931 depuis la dernière actualisation
  • Le résultat moyen est 45 sur 54
Statistiques - réponses
Hint Réponse % Correct
premier de 1984 france
100%
demi-finaliste de 1996 france
100%
premier de 2000 france
100%
deuxième de 2016 france
100%
demi-finaliste de 1984 portugal
99%
demi-finaliste de 2000 portugal
99%
deuxième de 2004 portugal
99%
demi-finaliste de 2012 portugal
99%
premier de 2016 portugal
99%
deuxième de 1992 allemagne
98%
premier de 1996 allemagne
98%
deuxième de 2008 allemagne
98%
demi-finaliste de 2012 allemagne
98%
demi-finaliste de 2016 allemagne
98%
premier de 1964 espagne
98%
deuxième de 1984 espagne
98%
premier de 2008 espagne
98%
premier de 2012 espagne
98%
premier de1968 italie
98%
demi finaliste de 1988 italie
98%
deuxième de 2000 italie
98%
deuxième de 2012 italie
98%
troisième de1968 angleterre
95%
demi-finaliste de 1996 angleterre
95%
troisième de 1972 belgique
89%
deuxième de 1980 belgique
89%
prmier de 2004 grèce
89%
troisième de 1976 pays bas
89%
premier de 1988 pays bas
89%
demi-finaliste de 1992 pays bas
89%
demi-finaliste de 2000 pays bas
89%
demi-finaliste de 2004 pays bas
89%
demi-finaliste de 1992 suède
86%
demi-finaliste de 1984 danemark
82%
premier de 1992 danemark
82%
demi-finaliste de 2008 russie
80%
troisième de 1964 hongrie
74%
premier de 1960 URSS
69%
deuxième de 1964 URSS
69%
deuxième de 1988 URSS
69%
demi-finaliste de 2016 pays de galles
68%
demi-finaliste de 2008 turquie
66%
deuxième de 1972 URSS
66%
deuxième de 1960 yougoslavie
66%
deuxième de1968 yougoslavie
66%
troisième de 1960 tchécoslovaquie
54%
premier de 1976 tchécoslovaquie
54%
troisième de 1980 tchécoslovaquie
54%
premier de 1972 allemagne de l'ouest
47%
deuxième de 1976 allemagne de l'ouest
47%
premier de 1980 allemagne de l'ouest
47%
demi-finaliste de 1988 allemagne de l'ouest
47%
deuxième de 1996 république tchèque
44%
demi-finaliste de 2004 république tchèque
44%
Aucun quiz correspondant
Distribution des résultats
% des personnes avec chaque résultat
Percentile par nombre de réponses
Votre historique - résultats
Vous n’avez pas pris ce quiz depuis la dernière actualisation